000 00202 a2200097 4500
001 30834
100 _aRiaz, F
245 _aUdhoora Aadmi
260 _aLahore
_bDar-ul-Ishhat
_c
090 _c20731
_d20731
942 _aNUST-CAE
_cM
_c11927
999 _c265907
_d265907